What's in the news?: a selection of newspaper extracts with exercises

Saved in:
Bibliografiske detaljer
Hovedforfatter: Land, Geoffrey (Author)
Format: Bog
Sprog:engelsk
Udgivet: Londres Longman 1975
Fag:
Tags: Tilføj Tag
Ingen Tags, Vær først til at tagge denne postø!

MARC

LEADER 00000nam a2200000 a 4500
001 UCQ3266
003 CL-VaPUC
008 980817e19750000UK |||||||||||||||||eng|d
082 0 4 |a 428.07  |b LAN  |2 21 
100 |a Land, Geoffrey  |e author  |9 417311 
245 1 0 |a What's in the news?: a selection of newspaper extracts with exercises 
300 |a 128 p 
942 |c BK 
945 |d 19980817 00:00:00  |a crobeson 
260 |a Londres  |b Longman  |c 1975 
650 0 |a Inglés  |9 260023 
650 0 |a Lectura  |9 307634 
650 0 |a Enseñanza de idiomas  |9 339820 
650 0 |a Educación lingüística  |9 306506 
650 0 |a Métodos de enseñanza  |9 270413 
583 |a last modification  |c 19980817 00:00:00  |k Rodrigo Vera 
999 |c 273862  |d 273860 
952 |0 0  |1 0  |4 0  |6 428_070000000000000_LAN_1975  |7 0  |8 A  |9 309804  |a BIBEDU  |b BIBEDU  |d 2019-11-20  |i 1454811  |o 428.07 LAN 1975  |p 1454811  |r 2019-11-20  |w 2019-11-20  |y BK  |k LIT 
952 |0 0  |1 0  |4 0  |6 428_070000000000000_LAN_1975  |7 0  |8 A  |9 309805  |a BIBEDU  |b BIBEDU  |d 2019-11-20  |i 4067754  |o 428.07 LAN 1975  |p 4067754  |r 2019-11-20  |w 2019-11-20  |y BK  |k LIT